Statistiques concernant Les Pokémons chats

Cliquez ici pour prendre le quiz!

Statistiques générales

  • Ce quiz a été pris 23 fois
  • Le résultat moyen est 10 sur 22

Statistiques - réponses

#Nom% Correct
509Chacripan
82%
052Miaouss
82%
053Persian
77%
431Chaglam
73%
432Chaffreux
64%
510Léopardus
64%
725Flamiaou
59%
906Poussacha
59%
727Félinferno
50%
300Skitty
45%
301Delcatty
41%
196Mentali
41%
908Miascarade
41%
726Matoufeu
36%
243Raikou
36%
403Lixy
32%
404Luxio
32%
405Luxray
32%
907Matourgeon
27%
667Hélionceau
14%
668Némélios
14%
807Zeraora
9%

Distribution des résultats

Percentile par nombre de réponses

% des personnes avec chaque résultat

Votre développement - résultats

Vous n’avez pas pris ce quiz